000
00348nam a2200145Ia 4500
008
220216s9999 xx 000 0 und d
100
_a
Jacob Jom
245
0
_a
Changes in Asian NR sector
260
_b
Polymers & Tyre Asia
_c
2015
300
_a
52-53
500
_a
Source Year: 2015
650
_a
NR sector
650
_a
NR trading
942
_c
JS
999
_c
55310
_d
55310